ՀՀ Գիտությունների ազգային ակադեմիայի հիմնարար գիտական գրադարան  =   Fundamental Scientific Library of NAS RA

Мозг : (Record no. 41830)

MARC details
000 -LEADER
fixed length control field 01090nam a2200289 a 4500
001 - CONTROL NUMBER
control field 000125920
003 - CONTROL NUMBER IDENTIFIER
control field AM-YEHGA
005 - DATE AND TIME OF LATEST TRANSACTION
control field 20250617122639.0
008 - FIXED-LENGTH DATA ELEMENTS--GENERAL INFORMATION
fixed length control field 950720s1984 |||a|||gr|||||||||0 rus|d
040 ## - CATALOGING SOURCE
Original cataloging agency AM-YeHGA
041 0# - LANGUAGE CODE
Language code of text/sound track or separate title rus
Language code of original eng
090 ## - LOCALLY ASSIGNED LC-TYPE CALL NUMBER (OCLC); LOCAL CALL NUMBER (RLIN)
-- 42503
245 00 - TITLE STATEMENT
Title Мозг :
Remainder of title Перевод с английского /
Statement of responsibility, etc. Д. Хьюбел, Ч. Стивенс, Э. Кэндел и др. ; Пер. с англ. Н.Ю. Алексеенко.
246 3# - VARYING FORM OF TITLE
Title proper/short title The Brain
260 0# - PUBLICATION, DISTRIBUTION, ETC.
Place of publication, distribution, etc. Москва :
Name of publisher, distributor, etc. Мир ,
Date of publication, distribution, etc. 1984.
300 ## - PHYSICAL DESCRIPTION
Extent 280 с. :
Other physical details ил. ;
Dimensions 21 см.
500 ## - GENERAL NOTE
General note Авт. указаны на обороте тит. л.
500 ## - GENERAL NOTE
General note Перевод изд.: The brain / D. Hubel, C. Stevens, E. Kandel at al. (Sci. American, sept. 1979)
650 14 - SUBJECT ADDED ENTRY--TOPICAL TERM
Topical term or geographic name entry element Мозг головной
650 14 - SUBJECT ADDED ENTRY--TOPICAL TERM
Topical term or geographic name entry element Физиология
700 1# - ADDED ENTRY--PERSONAL NAME
Personal name Хьюбел, Д.
Relationship aut
700 1# - ADDED ENTRY--PERSONAL NAME
Personal name Стивенс, Ч.
Relationship aut
700 1# - ADDED ENTRY--PERSONAL NAME
Personal name Кэндел, Э.
Relationship aut
700 1# - ADDED ENTRY--PERSONAL NAME
Personal name Алексеенко, Н.Ю.
Relationship trl
700 1# - ADDED ENTRY--PERSONAL NAME
Personal name Симонов, Павел Васильевич
Relationship edt
942 ## - ADDED ENTRY ELEMENTS (KOHA)
Source of classification or shelving scheme Universal Decimal Classification
Koha item type Գրքեր / Books
Holdings
Withdrawn status Lost status Source of classification or shelving scheme Damaged status Not for loan Collection Home library Current library Date acquired Total checkouts Full call number Barcode Date last seen Price effective from Koha item type Public note
    Universal Decimal Classification     General Fundamental Scientific Library Fundamental Scientific Library 21/12/2016   PII/524969 FL0181042 21/12/2016 21/12/2016 Գրքեր / Books 30 Days Loan


ՀՀ ԳԱԱ հիմնարար գիտական գրադարան
ՀՀ,Երևան 0019
Մարշալ Բաղրամյան 24/6
հեռախոս:(374-10) 52-47-50
Հետադարձ կապ

All site content, except where otherwise noted, is licensed under a
Creative Commons License